000 00685nam a2200277Ia 4500
005 20260121125530.0
008 008 260114s9999 xx 000 0 eng d
020 _a9781447341925
037 _aEBOOK
040 _aCRL
040 _beng
040 _cCRL
041 _2eng
041 _aeng
084 _qCRL
100 _aGarrett, Paul Michael
_9994554
245 0 _aSocial Work and Social Theory: Making Connections
260 _bWalter de Gruyter
260 _bWalter de Gruyter
260 _c2018
650 _aSocial Work
_9994555
856 _uhttp://www.degruyter.com/isbn/9781447341925
942 _cEBOOK
999 _c1562681
_d1562681